000 00459nam a2200181Ia 4500
005 20260429112221.0
008 260429s9999||||xx |||||||||||||| ||und||
020 _a9789383101450
041 _aEnglish
082 _a579
_bTYA
100 _aTyagi, Neelam
245 0 _aHandbook of microbiology /
_cNeelam Tyagi
260 _aJaipur :
_bAgrotech Press,
_c2024.
300 _avii, 242 p.; hb
650 _a Microbiology
650 _aBiology
942 _cTB
999 _c52946
_d52946